My Chemical Romance: ALL SONGS - Statistics

General Stats
  • This quiz has been taken 695 times
    537 since last reset
  • The average score is 30 of 84
Answer Stats
Hint Answer % Correct
I Brought You My Bullets, You Brought Me Your Love (2002) Romance
88%
Honey, This Mirror Isn't Big Enough for the Two of Us
68%
Three Cheers for Sweet Revenge (2004) Helena
63%
Vampires Will Never Hurt You
60%
Give 'Em Hell, Kid
57%
To the End
55%
Demolition Lovers
54%
The Black Parade (2006) The End.
53%
The Ghost of You
53%
Dead!
52%
Drowning Lessons
52%
I'm Not Okay (I Promise)
52%
You Know What They Do to Guys Like Us in Prison
52%
I Never Told You What I Do for a Living
51%
Interlude
51%
Thank You for the Venom
51%
Cemetery Drive
50%
Welcome to the Black Parade
50%
Cubicles
49%
Headfirst for Halos
49%
Our Lady of Sorrows
49%
Skylines and Turnstiles
49%
Hang 'Em High
48%
I Don't Love You
48%
It's Not a Fashion Statement, It's a Deathwish
48%
The Jetset Life Is Gonna Kill You
48%
Early Sunsets Over Monroeville
47%
The Sharpest Lives
47%
This Is the Best Day Ever
47%
Blood
46%
Cancer
46%
Famous Last Words
45%
House of Wolves
45%
Mama
45%
Sleep
44%
This Is How I Disappear
44%
Desert Song
43%
Disenchanted
43%
Teenagers
43%
Life on the Murder Scene (2006) Bury Me in Black
39%
Na Na Na (Na Na Na Na Na Na Na Na Na)
39%
Danger Days: The True Lives of the Fabulous Killjoys (2010) Look Alive, Sunshine
37%
SING
35%
Bulletproof Heart
33%
If I say the name it'll give it away, but it's a cover (2005) Under Pressure
33%
Music From The Motion Picture Watchmen (2009) Desolation Row
32%
Kill All Your Friends
32%
Planetary (GO!)
32%
Vampire Money
32%
The Black Parade: The B-Sides (2006) My Way Home is Through You
29%
Party Poison
28%
S/C/A/R/E/C/R/O/W
28%
DESTROYA
27%
Heaven Help Us
27%
Save Yourself, I'll Hold Them Back
27%
Summertime
27%
Again, If I say the name it'll give it away, but it's a single (2022) The Foundations of Decay
27%
The Kids From Yesterday
27%
The Only Hope for Me Is You
27%
Yo Gabba Gabba! Hey! (2008) Every Snowflake Is Different (Just Like You)
25%
The Mad Gear and Missle Kid EP (2010) F.T.W.W.W.
25%
Jet-Star and the Kobra Kid/Traffic Report
25%
Conventional Weapons: Number One (2013) Boy Division
23%
Goodnite, Dr. Death
23%
Conventional Weapons: Number Two (2013) AMBULANCE
21%
Conventional Weapons: Number Three (2013) The World Is Ugly
21%
Gun.
20%
The Light Behind Your Eyes
20%
Tony Hawk's American Wasteland Soundtrack (2009) Astro Zombies
19%
Tomorrow's Money
19%
Black Dragon Fighting Society
18%
May Death Never Stop You (2014) Fake Your Death
18%
Conventional Weapons: Number Four (2013) Kiss the Ring
18%
Make Room!!!!
18%
Burn Bright
17%
If I say the name it'll give it away, but it's a Japanese release (2011) #SINGItForJapan
16%
Mastas of Ravenkroft
15%
Conventional Weapons: Number Five (2013) Surrender the Night
15%
The Black Parade/Living with Ghosts (2016) The Five of Us Are Dying
10%
All the Angels
9%
Knives/Sorrow Demo
9%
Not That Kind of Girl
9%
Party at the End of the World
9%
Emily Demo
4%
No matching quizzes found
Score Distribution
Percent of People with Each Score
Percentile by Number Answered
Your Score History
You have not taken this quiz since the last reset